000 00614nam a2200205 a 4500
005 20230323063519.0
008 991125n 000 0 u
035 _aUPN01000069546
100 1 _aBrunner Ried, José Joaquín,
_d1944-
_931776
222 _aREVISTA COLOMBIANA DE EDUCACION
245 _a¿ Contribuye la investigación social a la toma de decisiones?
300 _a7-22
362 0 _a1993 No. 27, jul.-dic.
653 0 _aDESARROLLO SOCIAL
653 0 _aINVESTIGACION EDUCATIVA
653 0 _aINVESTIGACION SOCIAL
653 0 _aTOMA DE DECISIONES
904 _aAC
_b007357
905 _aArticulo
999 _c65013
_d65013